|
|
|
|
| LEADER |
00000nam a2200000 a 4500 |
| 001 |
vtls001434935 |
| 003 |
SK-MaSNL |
| 005 |
20260301072742.0 |
| 008 |
130607s2002 xo 0 slo |
| 015 |
|
|
|a SNBS2002/02-00905
|
| 035 |
|
|
|a SNK000390018
|
| 040 |
|
|
|a SNK
|b slo
|c SNK
|e AACR2
|
| 044 |
|
|
|a xo
|c SK
|
| 080 |
|
|
|a 330:34(086.86)
|2 1981
|
| 080 |
|
|
|a 34
|2 1981
|
| 245 |
1 |
|
|a SEPI
|h elektronický zdroj
|b systém ekonomických a právnych informácií
|n 1/2002
|
| 256 |
|
|
|a Počítačové dáta
|
| 260 |
|
|
|a Žilina
|b SEPI
|c 2002
|
| 300 |
|
|
|a 1 elektronický optický disk (CD-ROM)
|
| 500 |
|
|
|a SEPI - Systém Ekonomických a Právnych Informácií
|
| 650 |
0 |
7 |
|a ekonómia
|x právo
|x dokumenty elektronické
|2 SNK
|9 297138
|
| 655 |
|
7 |
|a elektronické dokumenty
|2 SNK
|9 70518
|
| 999 |
|
|
|c 642005
|d 643935
|
| 952 |
|
|
|t P60, <03>, [BOOK], {603}
|a SNK
|b SNK
|y PREZ
|7 0
|p 17A0345127
|o snkSCDM 176/2002/1
|i snkJK 313/2002
|0 0
|1 0
|4 0
|d 2002-05-28
|l 0
|r 2005-01-02 00:00:00
|w 2026-02-23
|
| 952 |
|
|
|a SNK
|b SNK
|y PREZ
|7 0
|p 17A0345126
|o snkSCDM 176/2002/1 D1
|i snkJK 314/2002
|0 0
|1 0
|4 0
|d 2002-05-28
|l 0
|r 2005-01-02 00:00:00
|w 2026-02-23
|
| 952 |
|
|
|t P65, <91>, [BOOK], {657}
|a SNK
|b SNK
|y NEVYP
|7 0
|p 17A0345125
|o snkSCDM 176/2002/1 D2
|i snkJK 315/2002
|0 0
|1 0
|4 0
|d 2002-05-28
|l 0
|r 2005-01-02 00:00:00
|w 2026-02-23
|
| 952 |
|
|
|t P65, <91>, [BOOK], {657}
|a SNK
|b SNK
|y NEVYP
|7 0
|p 17A0345124
|o snkSCDM 176/2002/1 D3
|i snkJK 316/2002
|0 0
|1 0
|4 0
|d 2002-05-28
|l 0
|r 2005-01-02 00:00:00
|w 2026-02-23
|
| 952 |
|
|
|t P65, <91>, [BOOK], {657}
|a SNK
|b SNK
|y NEVYP
|7 0
|p 17A0345123
|o snkSCDM 176/2002/1 D4
|i snkJK 317/2002
|0 0
|1 0
|4 0
|d 2002-05-28
|l 0
|r 2005-01-02 00:00:00
|w 2026-02-23
|
| 952 |
|
|
|t P65, <91>, [BOOK], {657}
|a SNK
|b SNK
|y NEVYP
|7 0
|p 17A0345122
|o snkSCDM 176/2002/1 D5
|i snkJK 323/2002
|0 0
|1 0
|4 0
|d 2002-05-28
|l 0
|r 2005-01-02 00:00:00
|w 2026-02-23
|